Normal view
MARC view
Entry Topical Term
001 - CONTROL NUMBER
- control field: 15384
003 - CONTROL NUMBER IDENTIFIER
- control field: OSt
005 - DATE AND TIME OF LATEST TRANSACTION
- control field: 20250323193007.0
008 - FIXED-LENGTH DATA ELEMENTS
- fixed length control field: 250323|| aca||aabn | a|a d
040 ## - CATALOGING SOURCE
- Original cataloging agency: OSt
- Transcribing agency: OSt
150 ## - HEADING--TOPICAL TERM
- Topical term or geographic name entry element: On-the-Job Training (OJT)
670 ## - SOURCE DATA FOUND
- Source citation: Work cat.: (OSt)3927: Matic, Ferdinand A., author. 14778, Factors that motivate the graduates of the Bachelor of Science in Industrial Technology and Bachelor of Science in Hotel and Restaurant Management of Cavite State University-Rosario to undergo on-the-job training abroad /, 2008
